| Поле | Название | Значение |
| |
Тип записи |
a |
| |
Библиографический уровень |
m |
| 001 |
Контрольный номер |
RU/IS/BASE/235151590 |
| 005 |
Дата корректировки |
20210331094437.7 |
| 010 |
Индекс ISBN |
__ |
| a |
ISBN |
5-272-00016-1 |
| d |
Цена |
28-05 |
| 101 |
Язык документа |
0_ |
| a |
Язык текста |
rus |
| 200 |
Заглавие и сведения об ответственности |
1_ |
| a |
Заглавие |
Чистка суставов в домашних условиях |
| f |
Первые сведения об ответственности |
Е. В. Щадилов |
| 210 |
Выходные данные |
1_ |
| a |
Место издания |
СПб. |
| c |
Издательство |
Питер |
| d |
Дата издания |
2005 |
| 215 |
Физическое описание |
__ |
| a |
Объем |
218, [6] с. |
| c |
Иллюстрации/тип воспроизводства |
ил. |
| 225 |
Серия (Журнальная рубрика) |
2_ |
| a |
Серия (Журнальная рубрика) |
Серия "Исцели себя сам" |
| 318 |
Примечание о действии |
__ |
| a |
Действие |
п |
| 330 |
Аннотация |
__ |
| a |
Аннотация |
Новая книга известного целителя-биоэнергетика Евгения Щадилова - это руководство для тех, у кого болят суставы, кого мучают приступы артрита, артроза или радикулита. Автор рассказывает, как очистить суставы от шлаков и вернуть им подвижность. |
| 606 |
Тематические рубрики |
__ |
| a |
Основная рубрика |
медицина |
| 608 |
Указатель предметных рубрик |
__ |
| a |
Жанр/форма |
научно-популярное издание |
| 610 |
Ключевые слова |
0_ |
| a |
Ключевые слова |
артрит |
| a |
Ключевые слова |
артроз |
| a |
Ключевые слова |
радикулит |
| a |
Ключевые слова |
очищение организма |
| a |
Ключевые слова |
система опорно-двигательная |
| a |
Ключевые слова |
опорно-двигательная система |
| a |
Ключевые слова |
гимнастика лечебная |
| a |
Ключевые слова |
фитотерапия |
| 686 |
Индексы других классификаций |
__ |
| a |
Индекс ББК |
53.59 |
| 700 |
Автор |
_1 |
| a |
Фамилия |
Щадилов |
| b |
Имя |
Е. В. |
| 801 |
Источник записи |
_0 |
| a |
Страна |
RU |
| b |
Организация |
ЦРБ, Белый Яр |
| g |
Правила каталогизации |
PSBO |
| 801 |
Источник записи |
_1 |
| a |
Страна |
RU |
| b |
Организация |
ЦРБ, Белый Яр |
| g |
Правила каталогизации |
PSBO |
| 852 |
Данные о местонахождении |
__ |
| j |
Шифр хранения |
53.59 |
| i |
Авторский знак |
Щ 172 |
| p |
Инвентарный номер |
72046 |
| b |
Сигла хранения |
ООЧ |
| 901 |
Тип документа |
__ |
| t |
Тип документа |
m |
| 905 |
Дата создания БЗ |
__ |
| a |
Дата создания БЗ |
2007.06.14 |
| 990 |
Данные о заказе (DOS) |
__ |
| j |
Количество экземпляров (DOS) |
1 |
| h |
N записи в КСУ для Б/У (DOS) |
2007-4 |